000 00265nam a2200109Ia 4500
008 220204s9999 xx 000 0 und d
082 _a001
_bRED
245 0 _aPortable Voltaire
260 _aNew York
_bViking Penguin
_c1977
700 _aRedman, Ben Ray
942 _cBK
999 _c33070
_d33070